000 00520nam a2200181Ia 4500
001 10177
005 20260306161812.0
008 260306t2010||||xx |||||||||||||| ||spa||
041 _aESP
082 _a907
_bU61
100 _aUniversidad Nacional de Colombia
_eAUT
245 0 _aIntroducción teórica y práctica a la investigación histórica. Guía para historiar en las ciencias sociales
260 _c2010
300 _a274 páginas :
_c20 cm.
650 _aGEN
654 _aCHU
942 _cLIB
_dJUS
_fJUS
_2ddc
_n
999 _c10177
_d10177